| 000 | 01144nam a2200277 i 4500 | ||
|---|---|---|---|
| 001 | bg | ||
| 245 | 0 | 0 |
_aUkłady bezpieczeństwa i komfortu jazdy : _binformator techniczny Bosch wydanie 2000/2001 / _c[tł. z jęz. niem. Sławomir Polkowski]. |
| 246 |
_iTyt. oryg.: _aSicherheits-und Komfortsysteme |
||
| 260 |
_aWarszawa : _bWydawnictwa Komunikacji i Łączności, _c2000. |
||
| 300 |
_a51 s. : _bil. ; _c30 cm. |
||
| 490 | 1 | _aElektrotechnika i Elektronika Samochodowa | |
| 500 | _aTyt. oryg.: "Sicherheits-und Komfortsysteme" 2000. - Opis wg okł. | ||
| 650 | 9 |
_aKomunikacja drogowa _xbezpieczeństwo _xzagadnienia |
|
| 650 | 9 |
_aSamochody _xurządzenia _xbezpieczeństwo |
|
| 650 | 9 |
_aSamochody _xelektronika |
|
| 700 | 1 |
_aPolkowski, Sławomir. _eTł. |
|
| 830 | _aElektrotechnika i Elektronika Samochodowa | ||
| 020 | _a8320613590 | ||
| 040 | _cBPK | ||
| 041 | 1 |
_apol _hger |
|
| 080 | _a629.33.083:621.3 | ||
| 920 | _a83-206-1359-0 | ||
| 942 | _cKA | ||
| 008 | s pl f |000 0 pol | ||
| 999 |
_c35094 _d35094 |
||
| 856 |
_uhttp://koha.tu.koszalin.pl/cgi-bin/koha/opac-detail.pl?biblionumber=35094 _yKatalog online BPK |
||